000 00392nam a2200157Ia 4500
003 GCL
008 140319s9999 xx 000 0 ara d
040 _aGCL /
_cGCL
082 0 4 _a370.15
_bا
245 1 0 _aالاطفال والتعصب والتربية
490 _a100 قصة
_v0
650 0 4 _aالتربية
650 0 4 _aالاطفال
650 0 4 _aعلم النفس
942 _2ddc
_cBK
999 _c44185
_d44185